000 00476nam a2200133Ia 4500
008 100328s9999 xx 000 0 und d
082 _b53472
100 _aसमेळ सोमनाथ
245 _aयुद्धे आणि युद्धे भूमी
260 _bमॅजेस्टिक
630 _aयुद्धे आणि युद्धे भूमी
730 _aयुद्धे आणि युद्धे भूमी
942 _cBOOK
999 _c540220
_d540217